| 000 | 00681nam a2200181 i 4500 | ||
|---|---|---|---|
| 001 | 31770 | ||
| 003 | ES-MaACL | ||
| 005 | 20230906154435.0 | ||
| 007 | t| | ||
| 008 | 030130s1957 sp ||||1| spa d | ||
| 100 | 1 |
_aBaumgarten, Franziska. _926595 |
|
| 245 | 1 | 0 |
_aExámenes de aptitud profesional _b: teoría y práctica / _cpor Franziska Baumgarten ; traducción española revisada y puesta al día con la colaboración de J. Germain. |
| 260 |
_aBarcelona : _bLabor, _c1957 ( _fTalls. Gráfs. Iberoamericanos) |
||
| 300 |
_aXII, 722 p. : _bil., 2 gráf. pleg. ; _c22 cm. |
||
| 650 |
_aTests psicotécnicos. _917520 |
||
| 700 | 1 |
_aGermain, J. _956467 |
|
| 852 |
_aES-MaACL _jC-12874 |
||
| 999 |
_c31770 _d31770 |
||